[Event "Titled Tue 17th Jun Early"]
[Site "chess.com INT"]
[Date "2025.06.17"]
[Round "4"]
[White "Troltenier, Dirk"]
[Black "Parfenov, Viktor N."]
[Result "0-1"]
[WhiteTitle "FM"]
[BlackTitle "CM"]
[WhiteElo "2174"]
[BlackElo "2193"]
[WhiteFideId "4606400"]
[BlackFideId "4165969"]
[EventDate "2025.06.17"]

1. e4 e5 2. Nf3 Nc6 3. Bb5 a6 4. Ba4 Nf6 5. O-O Be7 6. Re1 b5 7. Bb3 d6 8. c3
O-O 9. h3 Nb8 10. d4 Nbd7 11. Nbd2 Bb7 12. Bc2 Re8 13. Nf1 Bf8 14. Ng3 g6 15. b3
b4 16. cxb4 exd4 17. Bb2 c5 18. bxc5 dxc5 19. b4 Bg7 20. bxc5 Nxc5 21. Bxd4
Ncxe4 22. Nxe4 Nxe4 23. Bxg7 Kxg7 24. Bxe4 Rxe4 25. Qb3 Bd5 26. Qd3 Rxe1+ 27.
Nxe1 Qf6 28. Qd1 Rd8 29. Qc1 Qe5 30. a3 a5 31. Nd3 Qd4 32. Qb2 Bb3 33. Qxd4+
Rxd4 34. Nc5 Bc2 35. Rc1 Rc4 36. Nd7 f6 37. Nb6 Rc6 38. Nd5 Ba4 39. Rxc6 Bxc6
40. Nc3 Kf7 41. f3 Ke6 42. Kf2 Kd6 43. Ke3 Kc5 44. Kd3 g5 0-1

[Event "Titled Tue 17th Jun Early"]
[Site "chess.com INT"]
[Date "2025.06.17"]
[Round "4"]
[White "Domin, Yan"]
[Black "Gubajdullin, Alexei"]
[Result "1-0"]
[WhiteTitle "FM"]
[BlackTitle "FM"]
[WhiteElo "2222"]
[BlackElo "2233"]
[WhiteFideId "34169342"]
[BlackFideId "4141202"]
[EventDate "2025.06.17"]

1. e4 c5 2. c3 d5 3. exd5 Qxd5 4. d4 g6 5. Nf3 Bg7 6. Nbd2 cxd4 7. Bc4 Qd8 8.
Nxd4 Nf6 9. O-O O-O 10. Qe2 a6 11. N2f3 b5 12. Bb3 Bb7 13. Bg5 Ne4 14. Bh4 Qc7
15. Bc2 Nf6 16. Rae1 e6 17. Bg3 Qb6 18. Ne5 Nh5 19. Bb3 Nxg3 20. fxg3 Nc6 21.
Nxf7 Nxd4 22. cxd4 Bxd4+ 23. Kh1 Rxf7 24. Bxe6 Kh8 25. Rxf7 Re8 26. Qd2 Bg7 27.
Rxg7 Kxg7 28. Qd7+ Kh6 29. Qxe8 Qf2 30. Rg1 Bxg2+ 31. Rxg2 Qf1+ 32. Rg1 Qf3+ 33.
Rg2 Qf1+ 34. Rg1 Qf3+ 35. Rg2 1-0

[Event "Titled Tue 17th Jun Early"]
[Site "chess.com INT"]
[Date "2025.06.17"]
[Round "4"]
[White "Logozar, Elijah"]
[Black "Brady, Tyson"]
[Result "1-0"]
[BlackTitle "CM"]
[WhiteElo "1928"]
[BlackElo "2170"]
[WhiteFideId "30963788"]
[BlackFideId "30970369"]
[EventDate "2025.06.17"]

1. e4 c5 2. Nf3 g6 3. d4 cxd4 4. Nxd4 Nc6 5. c4 Nf6 6. Nc3 d6 7. Be2 Nxd4 8.
Qxd4 Bg7 9. Bg5 h6 10. Be3 O-O 11. Qd2 Kh7 12. O-O Be6 13. Rac1 Qa5 14. b3 Rfc8
15. h3 a6 16. f4 b5 17. f5 b4 18. Nd5 Nxe4 19. Qd3 Bxd5 20. cxd5 Ng3 21. fxg6+
fxg6 22. Rxc8 Rxc8 23. Rf7 Nxe2+ 24. Qxe2 Qxd5 25. Rxe7 Kg8 26. Qxa6 Rc2 27. Qf1
Rxa2 28. Re8+ Kh7 29. Re7 g5 30. Qb1+ Kg8 31. Qxa2 Be5 32. Rc7 Qd1+ 33. Kf2 Qd5
34. Qc2 Kf8 35. Rc8+ Kg7 36. Qc7+ Kg6 37. Qc2+ Kg7 38. Rc7+ Kf6 39. g4 Qe6 40.
Qf5+ Qxf5+ 41. gxf5 Kxf5 42. Rb7 Bc3 43. Ke2 d5 44. Bd2 d4 45. Bxc3 bxc3 46. Kd3
h5 47. Kxd4 g4 48. hxg4+ hxg4 49. Rc7 g3 50. Rxc3 Kf4 51. b4 g2 52. Rc1 Kf3 53.
b5 Kf2 54. b6 1-0

[Event "Titled Tue 17th Jun Early"]
[Site "chess.com INT"]
[Date "2025.06.17"]
[Round "4"]
[White "Xiong, Jeffery"]
[Black "Nagare Kaivalya Sandip"]
[Result "1-0"]
[WhiteTitle "GM"]
[BlackTitle "FM"]
[WhiteElo "2639"]
[BlackElo "2321"]
[WhiteFideId "2047640"]
[BlackFideId "25957929"]
[EventDate "2025.06.17"]

1. d4 Nf6 2. c4 g6 3. Nc3 d5 4. cxd5 Nxd5 5. e4 Nxc3 6. bxc3 Bg7 7. Nf3 c5 8. h3
O-O 9. Be2 Nc6 10. Be3 Qa5 11. Bd2 Rd8 12. d5 Ne5 13. Nxe5 Bxe5 14. Qb3 Qc7 15.
O-O Bd7 16. f4 Bg7 17. e5 b5 18. c4 bxc4 19. Bxc4 Rdb8 20. Qa3 a5 21. Rac1 Bb5
22. Kh1 Bxc4 23. Rxc4 Rb5 24. Rfc1 Qd7 25. Rxc5 Rxc5 26. Qxc5 h5 27. Qc6 Qa7 28.
Be3 Qxe3 29. Qxa8+ Kh7 30. Rf1 Qd3 31. Rf3 Qb1+ 32. Kh2 Qxa2 33. Qb7 a4 34. Qb5
a3 35. Qd3 Qb2 36. Qxa3 Qd4 37. Qd3 Qc5 38. Qe4 Qc7 39. h4 Kg8 40. Rd3 Qd8 41.
g3 Qb6 42. Qe2 Bf8 43. Qd2 1-0

[Event "Titled Tue 17th Jun Early"]
[Site "chess.com INT"]
[Date "2025.06.17"]
[Round "4"]
[White "Papasimakopoulos, Alexandros"]
[Black "Oro, Faustino"]
[Result "1-0"]
[WhiteTitle "IM"]
[BlackTitle "IM"]
[WhiteElo "2366"]
[BlackElo "2465"]
[WhiteFideId "4244125"]
[BlackFideId "20000197"]
[EventDate "2025.06.17"]

1. d4 d5 2. c4 e6 3. Nc3 Nf6 4. cxd5 exd5 5. Bg5 Bb4 6. e3 h6 7. Bxf6 Qxf6 8.
Qa4+ Nc6 9. Bb5 O-O 10. Ne2 Bxc3+ 11. bxc3 Ne7 12. Bd3 Bf5 13. Qc2 c6 14. O-O
Rfe8 15. c4 dxc4 16. Bxf5 Qxf5 17. Qxc4 Nd5 18. Nc3 Nf6 19. Rab1 Re7 20. Ne2
Rae8 21. Ng3 Qg5 22. Rfc1 Ng4 23. Nf1 Qg6 24. h3 Nf6 25. Qc2 Qg5 26. Qc5 Qxc5
27. Rxc5 Ne4 28. Rc2 Rd8 29. Rcb2 Rdd7 30. Rc1 Rc7 31. Nd2 Nf6 32. Nb1 Nd5 33.
Nc3 Nb6 34. a4 Rcd7 35. Rb4 Nc8 36. Rcb1 Nd6 37. a5 f5 38. Na4 Nb5 39. Nc5 Rd5
40. g3 g5 41. Nd3 Kf7 42. a6 b6 43. Rc1 Re6 44. Ne5+ Rdxe5 45. dxe5 Nc7 46. f4
c5 47. Rb2 Re8 48. Rd2 Ke7 49. Rd6 gxf4 50. exf4 h5 51. Rcd1 Nb5 52. Rd7+ Kf8
53. Rh7 Nd4 54. Rxa7 b5 55. Rh7 Kg8 56. Rb7 b4 57. Rxd4 cxd4 58. Rxb4 Ra8 59.
Ra4 d3 60. Kf2 Rd8 61. Ke1 Kf7 62. Kd2 Ke6 63. a7 Ra8 64. Ra5 1-0

[Event "Titled Tue 17th Jun Early"]
[Site "chess.com INT"]
[Date "2025.06.17"]
[Round "4"]
[White "Iskusnyh, Sergei"]
[Black "Akobian, Varuzhan"]
[Result "1-0"]
[WhiteTitle "GM"]
[BlackTitle "GM"]
[WhiteElo "2440"]
[BlackElo "2551"]
[WhiteFideId "4120027"]
[BlackFideId "13300580"]
[EventDate "2025.06.17"]

1. d4 e6 2. c4 f5 3. g3 Nf6 4. Bg2 d5 5. Nf3 c6 6. Bf4 Bd6 7. Bxd6 Qxd6 8. O-O
O-O 9. Nbd2 Nbd7 10. Qb3 b6 11. Rfc1 a5 12. e3 Ba6 13. cxd5 cxd5 14. Qa3 Qxa3
15. bxa3 Rfc8 16. Ng5 Nf8 17. Rab1 N6d7 18. Nxe6 Nxe6 19. Bxd5 Kf7 20. Bxa8 Rxa8
21. Nc4 Bxc4 22. Rxc4 Ke7 23. Rc6 Nd8 24. Rc2 Ra7 25. Kf1 Kd6 26. Ke2 Rc7 27.
Rxc7 Kxc7 28. f3 Nc6 29. Kd3 Nf8 30. Rb5 g6 31. e4 fxe4+ 32. fxe4 Ne6 33. Rd5
Ne7 34. Re5 Kd6 35. Rb5 Kc7 36. h4 Nc6 37. Rd5 Ne7 38. Re5 Kd6 39. Rb5 Kc7 40.
d5 Nc5+ 41. Kd4 h5 42. Rb1 Kd6 43. Rf1 Nd7 44. e5+ Nxe5 45. Rf6+ Kd7 46. Kxe5 b5
47. Rf7 b4 48. d6 1-0

[Event "Titled Tue 17th Jun Early"]
[Site "chess.com INT"]
[Date "2025.06.17"]
[Round "4"]
[White "Wyss, Jonas"]
[Black "Sahbudak, Baris Cinar"]
[Result "0-1"]
[WhiteTitle "FM"]
[BlackTitle "CM"]
[WhiteElo "2278"]
[BlackElo "2072"]
[WhiteFideId "1311387"]
[BlackFideId "26351633"]
[EventDate "2025.06.17"]

1. e4 c5 2. Nf3 d6 3. Bb5+ Bd7 4. Bxd7+ Nxd7 5. O-O g6 6. c3 Ngf6 7. Qe2 Bg7 8.
d4 cxd4 9. cxd4 d5 10. e5 Ne4 11. Nbd2 Nxd2 12. Bxd2 O-O 13. Bg5 h6 14. Bh4 Re8
15. Rac1 Qb6 16. Rc2 Nf8 17. Rfc1 Ne6 18. Qd2 Kh7 19. Bg3 h5 20. h3 Bh6 21. Qd1
Bxc1 22. Qxc1 Nxd4 23. Ng5+ Kg8 24. Rd2 Rac8 25. Qb1 Nf5 26. e6 f6 27. Nf3 Qxe6
28. Nd4 Qe4 29. Qxe4 dxe4 30. Nxf5 gxf5 31. Rd7 Rc1+ 32. Kh2 b5 33. Rxa7 Rc2 34.
b3 Kf7 35. a4 bxa4 36. bxa4 Ra2 37. a5 Rc8 38. Bd6 Re8 39. Kg3 Ke6 40. Bf4 Rg8+
41. Kh4 Rxf2 42. Be3 Rfxg2 43. Bc5 Kd5 44. Rc7 f4 45. a6 e3 46. a7 e2 47. Rxe7
Kxc5 48. a8=Q Rxa8 49. Rc7+ Kd6 50. Rd7+ Kxd7 51. Kxh5 Rh8# 0-1

[Event "Titled Tue 17th Jun Early"]
[Site "chess.com INT"]
[Date "2025.06.17"]
[Round "4"]
[White "Hury, Tymoteusz"]
[Black "Skiadopoulos, Nikolaos"]
[Result "0-1"]
[WhiteTitle "CM"]
[BlackTitle "CM"]
[WhiteElo "2115"]
[BlackElo "1882"]
[WhiteFideId "21839328"]
[BlackFideId "4200772"]
[EventDate "2025.06.17"]

1. d4 Nf6 2. Nf3 g6 3. c4 c5 4. d5 b5 5. cxb5 a6 6. bxa6 Bg7 7. Nc3 Bxa6 8. e4
Bxf1 9. Kxf1 d6 10. g3 O-O 11. Kg2 Nbd7 12. Re1 Ng4 13. Qc2 c4 14. Nb5 Rc8 15.
a4 Nge5 16. Nfd4 Nd3 17. Re2 f5 18. Nc6 Qe8 19. Qxc4 N7e5 20. Qb3 fxe4 21. Nxe5
Bxe5 22. Bh6 Rf3 23. Qd1 Qf7 24. Be3 Nxb2 25. Qb1 Nd3 26. Raa2 h5 27. h4 g5 28.
Bxg5 Qg6 29. Qb3 Nf4+ 30. Bxf4 Rxb3 31. Bxe5 dxe5 32. Red2 Qf5 33. Re2 Qf3+ 34.
Kh2 e3 35. Rxe3 Rxe3 36. fxe3 Rc1 37. Rg2 Re1 38. d6 exd6 39. Nxd6 Re2 40. a5
Qxg2# 0-1

[Event "Titled Tue 17th Jun Early"]
[Site "chess.com INT"]
[Date "2025.06.17"]
[Round "4"]
[White "Lyakh, Vasiliy"]
[Black "Demchenko, Yaroslav"]
[Result "1-0"]
[BlackTitle "CM"]
[WhiteElo "2123"]
[BlackElo "2263"]
[WhiteFideId "14189828"]
[BlackFideId "14186667"]
[EventDate "2025.06.17"]

1. d4 e6 2. c4 d5 3. Nc3 a6 4. cxd5 exd5 5. Bf4 Nf6 6. e3 Bd6 7. Bxd6 Qxd6 8.
Bd3 O-O 9. Nf3 Nbd7 10. O-O c5 11. dxc5 Nxc5 12. h3 Be6 13. Rc1 Rfd8 14. Nd4
Rac8 15. Bb1 Nce4 16. Nce2 Qe5 17. Nf4 Bd7 18. Qe2 h6 19. Bd3 Nc5 20. Rc2 Nxd3
21. Qxd3 Rxc2 22. Qxc2 Rc8 23. Qb3 Bc6 24. Rc1 Kh7 25. Qd3+ Qe4 26. Qd2 g5 27.
Nfe2 g4 28. Ng3 Qg6 29. hxg4 Qxg4 30. Qd3+ Qg6 31. Qf5 h5 32. Qxc8 h4 33. Nge2
Bd7 34. Qc7 h3 35. Qg3 Qh6 36. Nf4 Ne4 37. Qh2 Qh4 38. Nxh3 Kg8 39. Nf3 1-0

[Event "Titled Tue 17th Jun Early"]
[Site "chess.com INT"]
[Date "2025.06.17"]
[Round "4"]
[White "Kovalchuk, Alexey"]
[Black "Balavignan, Ashvin"]
[Result "1-0"]
[WhiteTitle "FM"]
[BlackTitle "CM"]
[WhiteElo "2304"]
[BlackElo "2023"]
[WhiteFideId "24154385"]
[BlackFideId "3261425"]
[EventDate "2025.06.17"]

1. d4 d5 2. c4 c6 3. Nf3 Nf6 4. Nc3 e6 5. Bg5 Nbd7 6. e3 Qa5 7. Qc2 Bb4 8. Nd2
dxc4 9. Bxf6 Nxf6 10. Nxc4 Qc7 11. Be2 Bd7 12. O-O c5 13. dxc5 Bxc5 14. Rac1 O-O
15. Ne4 Nxe4 16. Qxe4 Bc6 17. Qe5 Qe7 18. Na5 Bd6 19. Nxc6 bxc6 20. Qe4 c5 21.
b3 Rab8 22. g3 Rfd8 23. Rc2 Rb4 24. Bc4 a5 25. a4 g6 26. Rd1 Rbb8 27. Rcd2 Bc7
28. Qc6 h5 29. Rd7 Qf6 30. Qxc7 Rdc8 31. Qf4 Qg7 32. h4 Rb6 33. Ra7 Rf8 34. Rxa5
Qc3 35. Rxc5 Qb4 36. Rc7 Rbb8 37. Rdd7 Qe1+ 38. Kg2 Rb6 39. Rxf7 Rbb8 40. Rg7+
Kh8 1-0

[Event "Titled Tue 17th Jun Early"]
[Site "chess.com INT"]
[Date "2025.06.17"]
[Round "4"]
[White "Dogan, Umut Anil"]
[Black "Howell, David W L"]
[Result "1-0"]
[WhiteTitle "CM"]
[BlackTitle "GM"]
[WhiteElo "2060"]
[BlackElo "2668"]
[WhiteFideId "51618060"]
[BlackFideId "410608"]
[EventDate "2025.06.17"]

1. c4 b6 2. Nc3 Bb7 3. e4 e5 4. Nf3 Nc6 5. d3 Bc5 6. Be2 d6 7. O-O Nge7 8. a3 a5
9. Na4 O-O 10. Nxc5 dxc5 11. Bg5 f6 12. Be3 Ng6 13. Ne1 Qd6 14. Nc2 Rfd8 15. Qd2
a4 16. g3 Nf8 17. Rad1 Ne6 18. Qc3 Ncd4 19. Bxd4 cxd4 20. Qe1 b5 21. cxb5 Qc5
22. Nb4 Qxb5 23. Bg4 Nc5 24. f4 Na6 25. Be6+ Kh8 26. Bc4 Qe8 27. Nd5 Bxd5 28.
Bxd5 Rab8 29. fxe5 Qxe5 30. Rf5 Qe8 31. Qf2 c6 32. Bc4 Nc7 33. g4 Qe7 34. h4 Rf8
35. Rf1 Ne8 36. g5 Nd6 37. Rf3 1-0

[Event "Titled Tue 17th Jun Early"]
[Site "chess.com INT"]
[Date "2025.06.17"]
[Round "4"]
[White "Shymanskyi, Oleksandr"]
[Black "Cuenca Jimenez, Jose Fernando"]
[Result "0-1"]
[WhiteTitle "FM"]
[BlackTitle "GM"]
[WhiteElo "2218"]
[BlackElo "2487"]
[WhiteFideId "14168880"]
[BlackFideId "2255570"]
[EventDate "2025.06.17"]

1. e4 c5 2. Nf3 Nc6 3. Nc3 e5 4. Bc4 g6 5. d3 h6 6. Nd2 d6 7. Nf1 Bg7 8. Ne3
Nge7 9. O-O O-O 10. a4 Kh7 11. Ned5 f5 12. f4 fxe4 13. dxe4 exf4 14. Bxf4 Ne5
15. Ba2 N7c6 16. Qd2 Nd4 17. Kh1 Bd7 18. Ne2 Nxe2 19. Qxe2 Bxa4 20. Bxe5 Bxe5
21. Rxf8 Qxf8 22. Nc7 Rc8 23. Rf1 Qg7 24. Rf7 Rxc7 25. Rxg7+ Rxg7 26. c3 Bc6 27.
h3 h5 28. Qf3 b5 29. Bd5 Bd7 30. Qf8 a5 31. Qa8 a4 32. Kg1 b4 33. cxb4 cxb4 34.
b3 a3 35. Bc4 Bc6 36. Qxc6 a2 37. Qa6 a1=Q+ 38. Qxa1 Bxa1 39. Kf2 Bd4+ 40. Kf3
g5 41. g4 hxg4+ 42. Kxg4 Kg6 43. h4 gxh4 44. Kxh4 Kf6 45. Kh5 Ke5 46. Bd5 Rg3
47. Kh6 Re3 48. Kg7 Rxe4 49. Bc4 Re3 50. Bf7 d5 0-1

[Event "Titled Tue 17th Jun Early"]
[Site "chess.com INT"]
[Date "2025.06.17"]
[Round "4"]
[White "Smirnov, Mark"]
[Black "Emeliantsev, Anatoliy"]
[Result "1-0"]
[WhiteTitle "FM"]
[BlackTitle "FM"]
[WhiteElo "2352"]
[BlackElo "2359"]
[WhiteFideId "13764594"]
[BlackFideId "4160681"]
[EventDate "2025.06.17"]

1. e4 c5 2. Nf3 Nc6 3. Bb5 e6 4. O-O Nge7 5. d4 cxd4 6. Nxd4 Qb6 7. Nxc6 bxc6 8.
Bd3 Ng6 9. c4 Be7 10. Nc3 O-O 11. Kh1 c5 12. f4 Bb7 13. Rb1 f5 14. exf5 Nh4 15.
Be4 Nxf5 16. Qxd7 Bxe4 17. Nxe4 Rad8 18. Qa4 Rd4 19. Qc2 Qc6 20. Ng3 Nxg3+ 21.
hxg3 Rf6 22. Be3 Rh6+ 23. Kg1 Bf6 24. Rbd1 Rg6 25. Bxd4 Bxd4+ 26. Rxd4 cxd4 27.
Qd3 Qd6 28. Rd1 e5 29. fxe5 Qxe5 30. Qxd4 Qxd4+ 31. Rxd4 Rb6 32. b3 a5 33. c5
Rc6 34. Rc4 Kf7 35. a3 Ke6 36. b4 axb4 37. axb4 Kd5 38. Rc3 Rc8 39. Kf2 Kc6 40.
Rf3 Rc7 41. Rf8 Rb7 42. Rf4 Kb5 43. Ke3 1-0

[Event "Titled Tue 17th Jun Early"]
[Site "chess.com INT"]
[Date "2025.06.17"]
[Round "4"]
[White "Peczely, Sebastian Zsombor"]
[Black "Kjaergaard-Jensen, Jesper"]
[Result "1-0"]
[WhiteTitle "FM"]
[BlackTitle "CM"]
[WhiteElo "2309"]
[BlackElo "2081"]
[WhiteFideId "750964"]
[BlackFideId "1406990"]
[EventDate "2025.06.17"]

1. e4 Nf6 2. e5 Nd5 3. c4 Nb6 4. d4 d6 5. f4 dxe5 6. fxe5 c5 7. d5 e6 8. d6 Qh4+
9. Kd2 Qf4+ 10. Kc2 Qxe5 11. Nc3 Nc6 12. Nb5 Nd4+ 13. Nxd4 Qxd4 14. Qxd4 cxd4
15. c5 Nd7 16. b4 a5 17. Bd2 axb4 18. Bxb4 g6 19. Nf3 Bg7 20. Kb3 O-O 21. Rd1 e5
22. Bc4 h6 23. Rhf1 Kh7 24. g4 f5 25. gxf5 gxf5 26. Nh4 Nf6 27. Nxf5 Bxf5 28.
Rxf5 Ng4 29. Bd3 Kh8 30. Rg1 Rxf5 31. Bxf5 Ne3 32. Be4 Rf8 33. Bxb7 d3 34. Bd2
Nc2 35. d7 Rb8 36. c6 e4 37. Kc4 Be5 38. Bxh6 Bxh2 39. Rh1 e3 40. Rxh2 d2 41.
Bxe3+ Kg8 42. Bxd2 1-0

[Event "Titled Tue 17th Jun Early"]
[Site "chess.com INT"]
[Date "2025.06.17"]
[Round "4"]
[White "Yao, Hanchi"]
[Black "Valle Luis, Leo"]
[Result "0-1"]
[BlackTitle "FM"]
[WhiteElo "2129"]
[BlackElo "2301"]
[WhiteFideId "30957397"]
[BlackFideId "54577187"]
[EventDate "2025.06.17"]

1. d4 Nf6 2. c4 e6 3. Nc3 d5 4. cxd5 exd5 5. Bg5 c6 6. e3 Be6 7. Bd3 Nbd7 8.
Nge2 h6 9. Bh4 g5 10. Bg3 Nh5 11. Be5 Nxe5 12. dxe5 Ng7 13. Nd4 Qc7 14. f4 gxf4
15. exf4 Bc5 16. Nc2 Nf5 17. b4 Bb6 18. Qd2 O-O-O 19. Na4 Rhg8 20. Nc5 Nh4 21.
Rg1 Rxg2 22. Rxg2 Nf3+ 23. Kd1 Nxd2 24. Kxd2 Bxc5 25. bxc5 Qa5+ 26. Ke2 Qxc5 27.
Rb1 d4 28. a4 Qe7 29. a5 Qh4 30. Rf2 Bg4+ 31. Ke1 Qh3 32. Kd2 Bf5 33. Rb3 Bxd3
34. Rxd3 Qe6 35. Nxd4 Qc4 36. Ke3 Qc1+ 37. Ke4 Qe1+ 38. Re2 Qh1+ 39. Ke3 Qg1+
40. Ke4 Rd5 41. Red2 Qh1+ 42. Ke3 Qe1+ 43. Re2 Qxa5 44. Ke4 Qa1 45. Red2 Qh1+
46. Ke3 Qe1+ 47. Re2 Qg1+ 48. Ke4 Rd7 49. Rc2 Kd8 50. Kf5 Qg6# 0-1

[Event "Titled Tue 17th Jun Early"]
[Site "chess.com INT"]
[Date "2025.06.17"]
[Round "4"]
[White "Bharath, Subramaniyam H"]
[Black "Medina, VInce Angelo"]
[Result "0-1"]
[WhiteTitle "GM"]
[WhiteElo "2558"]
[BlackElo "2138"]
[WhiteFideId "46634827"]
[BlackFideId "5205069"]
[EventDate "2025.06.17"]

1. c4 e6 2. Nf3 d5 3. e3 c6 4. b3 f5 5. Bb2 Nf6 6. Nc3 Bd6 7. Be2 O-O 8. Qc2 Bd7
9. d4 Be8 10. h3 Bg6 11. Bd3 Nbd7 12. Ne2 Bh5 13. g4 fxg4 14. hxg4 Bxg4 15.
Bxh7+ Nxh7 16. Qxh7+ Kf7 17. Rh6 Bf5 18. Qxf5+ exf5 19. Rxd6 Kg8 20. cxd5 Qc7
21. Rg6 cxd5 22. Nf4 Qa5+ 23. Kf1 Rf6 24. Rg5 Rc8 25. a4 Rc2 26. Ba3 Qa6+ 27.
Kg2 Nf8 28. Rh1 Ng6 29. Nxd5 Re6 30. Rxf5 Qc6 31. Nb4 Qe4 32. Rhh5 Re2 33. Rhg5
Nh4+ 34. Kg3 Nxf5+ 0-1

[Event "Titled Tue 17th Jun Early"]
[Site "chess.com INT"]
[Date "2025.06.17"]
[Round "4"]
[White "Madi, Aidana"]
[Black "Ivashentseva, Dominika"]
[Result "0-1"]
[WhiteTitle "WFM"]
[BlackTitle "WCM"]
[WhiteElo "1899"]
[BlackElo "1969"]
[WhiteFideId "13722689"]
[BlackFideId "34331050"]
[EventDate "2025.06.17"]

1. e4 c5 2. d4 cxd4 3. c3 dxc3 4. Nxc3 e6 5. Nf3 Nc6 6. Bc4 a6 7. O-O Nf6 8. e5
Ng8 9. Ne4 b5 10. Bb3 Bb7 11. Bg5 f6 12. exf6 gxf6 13. Bxf6 Nxf6 14. Nfg5 h6 15.
Nxf6+ Qxf6 16. Qh5+ Ke7 17. Ne4 Qf5 18. Qh4+ Ke8 19. Nf6+ Kf7 20. Nxd7 Be7 21.
Qg3 Rhg8 22. Qe3 Rxg2+ 23. Kh1 Rag8 24. Rae1 Nd4 25. f3 Nxb3 26. Ne5+ Ke8 27.
Ng4 h5 28. Kxg2 hxg4 29. Kh1 Bxf3+ 30. Rxf3 gxf3 31. axb3 f2 32. Rf1 Qd5+ 0-1

[Event "Titled Tue 17th Jun Early"]
[Site "chess.com INT"]
[Date "2025.06.17"]
[Round "4"]
[White "Castillo Pena, Patricia Evarista"]
[Black "Subervi, Jonathan Sigfredo"]
[Result "0-1"]
[WhiteTitle "WFM"]
[BlackTitle "FM"]
[WhiteElo "1909"]
[BlackElo "2059"]
[WhiteFideId "6412106"]
[BlackFideId "6400345"]
[EventDate "2025.06.17"]

1. d4 Nf6 2. Nf3 d5 3. e3 c5 4. Bd3 Nc6 5. Nbd2 Bg4 6. c3 e6 7. h3 Bh5 8. O-O
Bd6 9. Qc2 Qc7 10. a3 O-O 11. Re1 c4 12. Bf1 Bg6 13. e4 Nxe4 14. Nxe4 Bxe4 15.
Qd1 b5 16. Nd2 Bg6 17. Qg4 a5 18. Rb1 b4 19. axb4 axb4 20. h4 Bxb1 21. Nxb1 bxc3
22. Nxc3 Rfe8 23. Nb5 Qd7 24. Nxd6 Qxd6 25. Bf4 Qb4 26. Bh6 g6 27. Rd1 Qe7 28.
h5 f5 29. Qg3 Qf6 30. Bg5 Qf7 31. hxg6 Qxg6 32. Qf4 Rab8 33. Be2 Rb3 34. Qh4 Rf8 0-1

[Event "Titled Tue 17th Jun Early"]
[Site "chess.com INT"]
[Date "2025.06.17"]
[Round "4"]
[White "Omariev, Maksim"]
[Black "Suvradeepta, Das"]
[Result "0-1"]
[WhiteTitle "FM"]
[BlackTitle "FM"]
[WhiteElo "2304"]
[BlackElo "2230"]
[WhiteFideId "4193423"]
[BlackFideId "5058031"]
[EventDate "2025.06.17"]

1. g4 h5 2. g5 e6 3. d4 Ne7 4. c4 d5 5. Nc3 b6 6. Bg2 Bb7 7. h4 c6 8. cxd5 cxd5
9. Bf4 a6 10. Rc1 Nf5 11. e3 Bd6 12. Nce2 g6 13. Nf3 Nc6 14. a3 Rc8 15. Bh3 Bxf4
16. Nxf4 Nd6 17. Nd3 Ne7 18. Nfe5 Nef5 19. Bxf5 Nxf5 20. Ke2 O-O 21. b4 Qd6 22.
Nf3 Qd7 23. Qb3 Kg7 24. a4 Qd6 25. Nde5 f6 26. gxf6+ Rxf6 27. Rhg1 Rc4 28. Nxc4
dxc4 29. Qxc4 Bxf3+ 30. Kxf3 Nxe3+ 31. Kxe3 Qf4+ 32. Kd3 Qxf2 33. Qc7+ Kh6 34.
Qe5 Rf3+ 35. Ke4 Qe3# 0-1

[Event "Titled Tue 17th Jun Early"]
[Site "chess.com INT"]
[Date "2025.06.17"]
[Round "4"]
[White "Injac, Teodora"]
[Black "Martinez Alcantara, Jose Eduardo"]
[Result "0-1"]
[WhiteTitle "IM"]
[BlackTitle "GM"]
[WhiteElo "2457"]
[BlackElo "2611"]
[WhiteFideId "932400"]
[BlackFideId "3805662"]
[EventDate "2025.06.17"]

1. d4 d6 2. Nf3 Nf6 3. c4 g6 4. Nc3 Bf5 5. g3 Ne4 6. Bg2 Nxc3 7. bxc3 Bg7 8. h4
h5 9. Ng5 Bc8 10. O-O O-O 11. e4 c5 12. Rb1 Nc6 13. Be3 Qc7 14. Qd3 Na5 15. d5
b6 16. f4 Ba6 17. Rb5 Qd7 18. a4 Bxb5 19. cxb5 c4 20. Qe2 Nb3 21. e5 dxe5 22. f5
Qd6 23. Qxc4 Nc5 24. Bh3 e4 25. Kg2 Rad8 26. fxg6 Qxg6 27. Bf5 Qd6 28. Bh7+ Kh8
29. Bxc5 Qxc5 30. Qxc5 bxc5 31. Bxe4 Bf6 32. c4 Kg7 33. Nf3 e6 34. a5 Rfe8 35.
Rd1 exd5 36. Bxd5 Re2+ 37. Kh3 Re3 38. Rf1 Ra3 39. a6 Re8 40. Ng5 Ree3 41. Ne4
Be5 42. Rxf7+ Kg6 43. Rxa7 Ra2 44. Rb7 Ree2 45. g4 Rh2# 0-1

[Event "Titled Tue 17th Jun Early"]
[Site "chess.com INT"]
[Date "2025.06.17"]
[Round "4"]
[White "Lopez Abreu, Michel Samuel"]
[Black "Gunawardhana, Devindya Oshini"]
[Result "0-1"]
[WhiteTitle "FM"]
[BlackTitle "WIM"]
[WhiteElo "2038"]
[BlackElo "2121"]
[WhiteFideId "3927903"]
[BlackFideId "29941482"]
[EventDate "2025.06.17"]

1. d4 d5 2. Nf3 Nf6 3. Bf4 g6 4. Nbd2 Bg7 5. e3 Nbd7 6. Bd3 c6 7. O-O O-O 8. h3
b6 9. Ne5 Bb7 10. Ndf3 c5 11. Nxd7 Nxd7 12. c3 Re8 13. Re1 e5 14. dxe5 Nxe5 15.
Nxe5 Bxe5 16. Bxe5 Rxe5 17. Bc2 Qe7 18. Bb3 Rd8 19. Qd2 Rg5 20. f4 Rh5 21. Bd1
Rf5 22. Bg4 Rf6 23. Bf3 Rfd6 24. Rad1 Qc7 25. Qf2 Bc6 26. Kh1 Re8 27. Rd2 Qb7
28. Red1 Rde6 29. Bxd5 Rxe3 30. Bxc6 Qxc6 31. Rd8 Rxh3+ 32. Kg1 Rh5 33. R1d6 Qa4
34. b3 Qe4 35. Qd2 Kg7 36. Rxe8 Qxe8 37. Rd7 Qe4 38. Rxa7 Qb1+ 39. Kf2 Rh1 40.
Qe2 Qg1+ 41. Kf3 Rh5 42. Qe5+ Rxe5 0-1

[Event "Titled Tue 17th Jun Early"]
[Site "chess.com INT"]
[Date "2025.06.17"]
[Round "4"]
[White "Berikkyzy Alanna"]
[Black "Duarte Cramer, Lily Jeanette"]
[Result "1-0"]
[WhiteTitle "WFM"]
[BlackTitle "WCM"]
[WhiteElo "2080"]
[BlackElo "1828"]
[WhiteFideId "13780719"]
[BlackFideId "29620180"]
[EventDate "2025.06.17"]

1. e4 c5 2. Nf3 d6 3. d4 cxd4 4. Nxd4 Nf6 5. Nc3 a6 6. Bg5 e6 7. f4 Be7 8. Qf3
Qc7 9. O-O-O Nbd7 10. Bd3 Nc5 11. Rhe1 Bd7 12. e5 dxe5 13. fxe5 Nd5 14. Bxe7
Nxe7 15. Qg3 Nxd3+ 16. Rxd3 Ng6 17. h4 h5 18. Ne4 Kf8 19. Nd6 Be8 20. Rf1 Kg8
21. Kb1 Rd8 22. Nf3 Bb5 23. Nxb5 axb5 24. Rxd8+ Qxd8 25. Ng5 f6 26. exf6 gxf6
27. Nxe6 Qe8 28. Rxf6 Kh7 29. Ng5+ Kg7 30. Rf7+ Qxf7 31. Nxf7 Kxf7 32. Qc7+ Ne7
33. Qxb7 Rd8 34. b3 Rd1+ 35. Kb2 Rd5 36. Qc7 Rf5 37. a4 Kf6 38. a5 Nd5 39. Qd6+
Kf7 40. a6 1-0